| 000 | 00594nam a2200193Ia 4500 | ||
|---|---|---|---|
| 999 |
_c22644 _d22644 |
||
| 003 | OSt | ||
| 005 | 20200515090743.0 | ||
| 008 | 190216s9999||||xx |||||||||||||| ||und|| | ||
| 020 | _a8182201454 | ||
| 040 | _coclc | ||
| 082 |
_a297.273 _bBEH/T |
||
| 100 |
_aBehdad, S _92266 |
||
| 245 | 0 |
_aTheory Of Islamic Economics Tradition&Transformation / _cS Behdad ; T Kurnan |
|
| 250 | _a1st ed. | ||
| 260 |
_bGlobal Vision Pub , _aDelhi: _c2006. |
||
| 300 | _a396p | ||
| 650 | 0 |
_aHistory & geography _vIslamic History _92271 |
|
| 942 |
_cBK _2ddc _h297.273 _iBEH/T _k297.273 _mBEH/T |
||